The Quakers
| Authors: | ; |
|---|---|
| Format: | Print Book |
| Language: | English |
| Subito Delivery Service: | Order now. |
| Check availability: | HBZ Gateway |
| WorldCat: | WorldCat |
| Interlibrary Loan: | Interlibrary Loan for the Fachinformationsdienste (Specialized Information Services in Germany) |
| Published: |
New York [u.a.]
Greenwood Press
1988
|
| In: |
Denominations in America (3)
Year: 1988 |
| Series/Journal: | Denominations in America
3 |
| Standardized Subjects / Keyword chains: | B
USA
/ Quakers
/ History
B Quakers / History |
| Further subjects: | B
Quakers
B United States. Quakers,++history B Usa B History |
MARC
| LEADER | 00000cam a2200000 c 4500 | ||
|---|---|---|---|
| 001 | 1087885493 | ||
| 003 | DE-627 | ||
| 005 | 20260331160424.0 | ||
| 007 | tu | ||
| 008 | 890614s1988 xx ||||| 00| ||eng c | ||
| 016 | 7 | |a b8867442 |2 UK | |
| 020 | |a 0313228167 |9 0-313-22816-7 | ||
| 035 | |a (DE-627)1087885493 | ||
| 035 | |a (DE-603)020312148 | ||
| 035 | |a (DE-576)017885493 | ||
| 035 | |a (DE-599)BSZ017885493 | ||
| 035 | |a (OCoLC)17807490 | ||
| 035 | |a (DE-604)8013046411 | ||
| 040 | |a DE-627 |b ger |c DE-627 |e rakwb | ||
| 041 | |a eng | ||
| 082 | 0 | |a 289.6/73 | |
| 082 | 0 | |a 289.673 |q LoC |2 DDC19oclc | |
| 084 | |a 1 |2 ssgn | ||
| 084 | |a BG 9680 |2 rvk |0 (DE-625)rvk/11418: | ||
| 100 | 1 | |8 1\p |0 (DE-588)119155605 |0 (DE-627)695755226 |0 (DE-576)211435244 |4 aut |a Barbour, Hugh |d 1921- | |
| 109 | |a Barbour, Hugh 1921- | ||
| 245 | 1 | 4 | |a The Quakers |c Hugh Barbour and J. William Frost |
| 264 | 1 | |a New York [u.a.] |b Greenwood Press |c 1988 | |
| 300 | |a XIV, 407 S. | ||
| 336 | |a Text |b txt |2 rdacontent | ||
| 337 | |a ohne Hilfsmittel zu benutzen |b n |2 rdamedia | ||
| 338 | |a Band |b nc |2 rdacarrier | ||
| 490 | 1 | |a Denominations in America |v 3 | |
| 505 | 8 | |a Literaturverz. S. 385 - 391 | |
| 583 | 1 | |a Archivierung/Langzeitarchivierung gewährleistet |f SSG |x XA-DE-BW |2 pdager |5 DE-21 | |
| 610 | 2 | 7 | |0 (DE-588)2022024-8 |0 (DE-627)102083894 |0 (DE-576)19174994X |a Quäker |2 gnd |
| 648 | 7 | |a Geschichte |2 gnd | |
| 650 | 4 | |a United States. Quakers,++history | |
| 651 | 7 | |0 (DE-588)4078704-7 |0 (DE-627)106076612 |0 (DE-576)209209682 |a Usa |2 gnd | |
| 689 | 0 | 0 | |d g |0 (DE-588)4078704-7 |0 (DE-627)106076612 |0 (DE-576)209209682 |2 gnd |a USA |
| 689 | 0 | 1 | |d b |0 (DE-588)2022024-8 |0 (DE-627)102083894 |0 (DE-576)19174994X |2 gnd |a Quäker |
| 689 | 0 | 2 | |q z |2 gnd |a Geschichte |
| 689 | 0 | |5 (DE-627) | |
| 689 | 1 | 0 | |d b |0 (DE-588)2022024-8 |0 (DE-627)102083894 |0 (DE-576)19174994X |2 gnd |a Quäker |
| 689 | 1 | 1 | |q z |2 gnd |a Geschichte |
| 689 | 1 | |5 (DE-627) | |
| 700 | 1 | |0 (DE-588)129349259 |0 (DE-627)394261119 |0 (DE-576)165601574 |4 aut |a Frost, J. William |d 1940- | |
| 830 | 0 | |a Denominations in America |v 3 |9 3 |w (DE-627)1087060532 |w (DE-576)017060532 |x 0193-6883 |7 am | |
| 883 | |8 1\p |a cgwrk |d 20241001 |q DE-101 |u https://d-nb.info/provenance/plan#cgwrk | ||
| 935 | |a mteo | ||
| 936 | r | v | |a BG 9680 |b Quäker |k Theologie und Religionswissenschaften |k Fundamentaltheologie |k Kirche und Kirchen |k Freikirchen, sog. Sekten , (Neue) Religiöse Bewegungen |k Quäker |0 (DE-627)1270724150 |0 (DE-625)rvk/11418: |0 (DE-576)200724150 |
| 951 | |a BO | ||
| ELC | |b 1 | ||
| ITA | |a 1 |t 1 | ||
| LOK | |0 000 xxxxxcx a22 zn 4500 | ||
| LOK | |0 001 2130838782 | ||
| LOK | |0 003 DE-627 | ||
| LOK | |0 004 1087885493 | ||
| LOK | |0 005 20001010000000 | ||
| LOK | |0 008 890614||||||||||||||||ger||||||| | ||
| LOK | |0 040 |a DE-21 |c DE-627 |d DE-21 | ||
| LOK | |0 852 |a DE-21 | ||
| LOK | |0 852 1 |c 29 A 3689 |9 00 | ||
| LOK | |0 935 |a theo | ||
| LOK | |0 936ln |a t4.13 | ||
| LOK | |0 939 |a 1989-06-14 |b l01 | ||
| ORI | |a TA-MARC-ixtheoa001.raw | ||
| STA | 0 | 0 | |a History,History,History in art,Quakers,USA,USA,Middle West,USA,USA,USA,USA,USA,America,Confederate States of America,Midwest |
| STB | 0 | 0 | |a Histoire,Histoire,Histoire,Quakers |
| STC | 0 | 0 | |a Cuáqueros,Historia,Historia,Historia |
| STD | 0 | 0 | |a Quaccheri,Storia,Storia |
| STE | 0 | 0 | |a 历史,史 |
| STF | 0 | 0 | |a 歷史,史 |
| STG | 0 | 0 | |a História,História |
| STH | 0 | 0 | |a История (мотив),История |
| STI | 0 | 0 | |a Ιστορία (μοτίβο),Ιστορία |
| SYB | 0 | 0 | |a Society of Friends,Religious Society of Friends,Friends,Quakers,Amis,Amigos,Freunde,Religiöse Gesellschaft der Freunde,Gesellschaft der Freunde,Christliche Gesellschaft der Freunde |
| SYG | 0 | 0 | |a United States,United States of America,Vereinigte Staaten,Vereinigte Staaten von Amerika , United States of America,Vereinigte Staaten von Amerika,Amerika <USA>,United States of America,Vereinigte Staaten von Amerika,Amerika <USA>,USA,USA,Nord,Nördliche Vereinigte Staaten,Nordwestamerika,USA,Nordwest,Pazifischer Nordwesten,Mittlerer Westen,USA,Middle West,Mittelwesten,Midwest,USA,Nordost,Nordöstliche Vereinigte Staaten,USA,Südost,Südöstliche Vereinigte Staaten,USA,Ost,Östliche Vereinigte Staaten,Südwestliche USA,USA,Südweststaaten,Südwestliche Vereinigte Staaten,USA,Südwest,USA,West,Westliche Vereinigte Staaten,Nordamerikanische Südstaaten,Konföderierte Staaten von Amerika,Confederate States of America,Südliche Vereinigte Staaten,Südatlantische Staaten,Südöstliche Staaten,United States of America,Vereinigte Staaten von Amerika,Nordamerika,Amerika,United States,United States of America,Etats Unis,Etats-Unis,Vereinigte Staaten,Estados Unidos de America,EEUU,Vereinigte Staaten von Nordamerika,Soedinennye Štaty Ameriki,SŠA,Stany Zjednoczone Ameryki Północnej,Hēnōmenai Politeiai tēs Boreiu Amerikēs,Hēnōmenes Politeies tēs Amerikēs,HēPA,Ēnōmenes Politeies tēs Amerikēs,ĒPA,Meiguo,Etats-Unis d'Amérique,US , Society of Friends,Religious Society of Friends,Friends,Quakers,Amis,Amigos,Freunde,Religiöse Gesellschaft der Freunde,Gesellschaft der Freunde,Christliche Gesellschaft der Freunde , History,Geschichtliche Epoche,Historical development,Historische Entwicklung,Landesgeschichte,Regionalgeschichte,Ortsgeschichte,Zeitgeschichte , Society of Friends,Religious Society of Friends,Friends,Quakers,Amis,Amigos,Freunde,Religiöse Gesellschaft der Freunde,Gesellschaft der Freunde,Christliche Gesellschaft der Freunde , History,Geschichtliche Epoche,Historical development,Historische Entwicklung,Landesgeschichte,Regionalgeschichte,Ortsgeschichte,Zeitgeschichte |